[Event "DEM U8 2024"]
[Site "Willingen GER"]
[Date "2024.05.24"]
[Round "6"]
[White "Chaganti, Prahasith Reddy"]
[Black "von Gehlen, Elian"]
[Result "0-1"]
[Termination "normal"]
[Board "6"]
[WhiteElo "1305"]
[BlackElo "1494"]
[WhiteClock "00:06:15"]
[BlackClock "00:46:55"]
[PlyCount "70"]
[WhiteFideId "34697586"]
[BlackFideId "34651560"]
[EventCountry "GER"]
[EventRounds "7"]
[EventType "swiss"]
[EventDate "2024.05.21"]

1. e4 {[%clk 01:00:14]} {[%emt 00:00:15]} c6 {[%clk 01:00:17]} {[%emt
00:00:13]} 2. d4 {[%clk 01:00:14]} {[%emt 00:00:15]} d5 {[%clk 01:00:19]}
{[%emt 00:00:13]} 3. exd5 {[%clk 01:00:20]} {[%emt 00:00:10]} cxd5 {[%clk
01:00:22]} {[%emt 00:00:12]} 4. Bd3 {[%clk 01:00:30]} {[%emt 00:00:05]} Nf6
{[%clk 01:00:23]} {[%emt 00:00:14]} 5. h3 {[%clk 01:00:30]} {[%emt 00:00:14]}
Nc6 {[%clk 01:00:25]} {[%emt 00:00:13]} 6. Nf3 {[%clk 01:00:25]} {[%emt
00:00:20]} g6 {[%clk 01:00:31]} {[%emt 00:00:09]} 7. Bf4 {[%clk 01:00:02]}
{[%emt 00:00:38]} Bf5 {[%clk 01:00:32]} {[%emt 00:00:14]} 8. Bxf5 {[%clk
00:59:04]} {[%emt 00:01:13]} gxf5 {[%clk 01:00:32]} {[%emt 00:00:14]} 9. O-O
{[%clk 00:57:08]} {[%emt 00:02:12]} e6 {[%clk 01:00:23]} {[%emt 00:00:24]} 10.
Re1 {[%clk 00:55:52]} {[%emt 00:01:31]} Be7 {[%clk 01:00:25]} {[%emt 00:00:14]}
11. Nbd2 {[%clk 00:55:15]} {[%emt 00:00:49]} Qd7 {[%clk 00:57:32]} {[%emt
00:03:10]} 12. c3 {[%clk 00:55:02]} {[%emt 00:00:28]} Rg8 {[%clk 00:56:46]}
{[%emt 00:01:00]} 13. Rc1 {[%clk 00:46:46]} {[%emt 00:08:31]} Bd6 {[%clk
00:56:12]} {[%emt 00:00:51]} 14. Ne5 {[%clk 00:46:09]} {[%emt 00:00:51]} Bxe5
{[%clk 00:55:28]} {[%emt 00:00:59]} 15. Bxe5 {[%clk 00:44:11]} {[%emt
00:02:15]} Ne4 {[%clk 00:55:02]} {[%emt 00:00:41]} 16. Bh2 {[%clk 00:43:10]}
{[%emt 00:01:14]} Ke7 {[%clk 00:54:30]} {[%emt 00:00:49]} 17. Nb3 {[%clk
00:35:42]} {[%emt 00:07:43]} Rg6 {[%clk 00:53:45]} {[%emt 00:00:59]} 18. f3
{[%clk 00:34:32]} {[%emt 00:01:23]} Nd6 {[%clk 00:53:36]} {[%emt 00:00:26]} 19.
Qc2 {[%clk 00:32:44]} {[%emt 00:02:03]} Rag8 {[%clk 00:53:05]} {[%emt
00:00:45]} 20. Re2 {[%clk 00:32:40]} {[%emt 00:00:21]} Rc8 {[%clk 00:52:25]}
{[%emt 00:00:55]} 21. a3 {[%clk 00:31:31]} {[%emt 00:01:23]} Rcg8 {[%clk
00:49:40]} {[%emt 00:03:00]} 22. Qd2 {[%clk 00:29:34]} {[%emt 00:02:11]} Nc4
{[%clk 00:49:10]} {[%emt 00:00:47]} 23. Qf4 {[%clk 00:29:16]} {[%emt 00:00:33]}
a6 {[%clk 00:48:33]} {[%emt 00:00:53]} 24. Qxf5 {[%emt 00:01:31]} Rxg2+ {[%clk
00:48:40]} {[%emt 00:00:05]} 25. Kh1 {[%clk 00:20:32]} {[%emt 00:07:44]} Rxe2
{[%clk 00:48:41]} {[%emt 00:00:14]} 26. Qxh7 {[%clk 00:20:29]} {[%emt
00:00:19]} Rgg2 {[%clk 00:48:21]} {[%emt 00:00:35]} 27. Qh4+ {[%clk 00:20:26]}
{[%emt 00:00:19]} f6 {[%clk 00:48:16]} {[%emt 00:00:20]} 28. Qh7+ {[%clk
00:20:29]} {[%emt 00:00:12]} Kd8 {[%clk 00:48:21]} {[%emt 00:00:07]} 29. Qh8+
{[%clk 00:00:00]} {[%emt 00:01:04]} Ke7 {[%clk 00:48:12]} {[%emt 00:01:10]} 30.
Qh7+ {[%clk 00:19:42]} {[%emt 00:01:01]} Kd8 {[%clk 00:48:19]} {[%emt
00:00:19]} 31. Qh8+ {[%clk 00:19:49]} {[%emt 00:00:10]} Qe8 {[%clk 00:48:19]}
{[%emt 00:00:14]} 32. Qxf6+ {[%clk 00:19:41]} {[%emt 00:00:22]} Kc8 {[%clk
00:48:14]} {[%emt 00:00:19]} 33. Bf4 {[%clk 00:15:18]} {[%emt 00:04:39]} Qg8
{[%clk 00:47:02]} {[%emt 00:01:08]} 34. Nc5 {[%clk 00:11:24]} {[%emt 00:08:20]}
Rh2+ {[%clk 00:46:59]} {[%emt 00:00:18]} 35. Bxh2 {[%clk 00:06:15]} {[%emt
00:05:24]} Qg2# {[%clk 00:46:55]} {[%emt 00:00:04]} 0-1

[Event "DEM U8 2024"]
[Site "Willingen GER"]
[Date "2024.05.24"]
[Round "6"]
[White "Studdert, Levi"]
[Black "Reese, Oscar"]
[Result "0-1"]
[Termination "normal"]
[Board "7"]
[WhiteElo "1109"]
[BlackElo "1650"]
[WhiteClock "00:16:50"]
[BlackClock "00:24:16"]
[PlyCount "78"]
[WhiteFideId "34672486"]
[BlackFideId "34644474"]
[EventCountry "GER"]
[EventRounds "7"]
[EventType "swiss"]
[EventDate "2024.05.21"]

1. e4 {[%clk 01:00:19]} {[%emt 00:00:03]} c5 {[%clk 01:00:26]} {[%emt
00:00:13]} 2. Nf3 {[%clk 01:00:03]} {[%emt 00:00:24]} d6 {[%clk 01:00:34]}
{[%emt 00:00:13]} 3. d4 {[%clk 00:59:42]} {[%emt 00:00:35]} cxd4 {[%clk
01:00:39]} {[%emt 00:00:11]} 4. Nxd4 {[%clk 00:59:42]} {[%emt 00:00:15]} Nf6
{[%clk 01:00:00]} {[%emt 00:00:55]} 5. Nc3 {[%clk 00:59:38]} {[%emt 00:00:18]}
a6 {[%clk 01:00:12]} {[%emt 00:00:04]} 6. Bc4 {[%clk 00:59:10]} {[%emt
00:00:41]} e6 {[%clk 01:00:20]} {[%emt 00:00:08]} 7. Bb3 {[%clk 00:59:00]}
{[%emt 00:00:25]} b5 {[%clk 01:00:11]} {[%emt 00:00:24]} 8. Bg5 {[%clk
00:58:39]} {[%emt 00:00:34]} Nbd7 {[%clk 00:58:56]} {[%emt 00:01:31]} 9. Qf3
{[%clk 00:57:04]} {[%emt 00:01:47]} Ne5 {[%clk 00:58:02]} {[%emt 00:01:13]} 10.
Qe3 {[%clk 00:54:48]} {[%emt 00:01:32]} Bb7 {[%clk 00:58:00]} {[%emt 00:01:15]}
11. f4 {[%clk 00:53:45]} {[%emt 00:01:16]} Nc6 {[%clk 00:56:52]} {[%emt
00:01:25]} 12. Nxc6 Bxc6 {[%clk 00:57:04]} 13. O-O {[%clk 00:51:48]} {[%emt
00:01:07]} Be7 {[%clk 00:54:59]} {[%emt 00:02:21]} 14. Rad1 {[%clk 00:51:00]}
{[%emt 00:00:38]} Ng4 {[%clk 00:51:44]} {[%emt 00:03:56]} 15. Qd2 {[%clk
00:44:07]} {[%emt 00:07:04]} f6 {[%clk 00:46:01]} {[%emt 00:06:02]} 16. Bxe6
{[%clk 00:42:46]} {[%emt 00:01:35]} fxg5 {[%clk 00:45:38]} {[%emt 00:00:39]}
17. Bxg4 {[%clk 00:41:14]} {[%emt 00:01:45]} O-O {[%clk 00:45:40]} {[%emt
00:00:16]} 18. fxg5 {[%clk 00:40:54]} {[%emt 00:00:32]} Rxf1+ {[%clk 00:43:35]}
{[%emt 00:02:21]} 19. Kxf1 {[%clk 00:39:55]} {[%emt 00:01:14]} Qb6 {[%clk
00:39:41]} {[%emt 00:04:09]} 20. Nd5 {[%clk 00:39:46]} {[%emt 00:00:24]} Rf8+
{[%clk 00:39:08]} {[%emt 00:00:49]} 21. Bf3 {[%clk 00:39:21]} {[%emt 00:00:39]}
Qb7 {[%clk 00:37:14]} {[%emt 00:02:10]} 22. Ke2 {[%clk 00:36:17]} {[%emt
00:01:23]} Bd8 {[%clk 00:36:51]} {[%emt 00:02:35]} 23. Ne3 {[%clk 00:34:49]}
{[%emt 00:01:40]} Bc7 {[%clk 00:35:45]} {[%emt 00:01:22]} 24. Qd4 {[%clk
00:33:33]} {[%emt 00:01:31]} Rd8 {[%clk 00:35:23]} {[%emt 00:00:38]} 25. Nf5
{[%clk 00:32:48]} {[%emt 00:00:58]} Bb6 {[%clk 00:35:19]} {[%emt 00:00:21]} 26.
Qd3 {[%clk 00:31:57]} {[%emt 00:01:06]} Bc5 {[%clk 00:34:33]} {[%emt 00:01:01]}
27. Qc3 {[%clk 00:30:54]} {[%emt 00:01:15]} Bxe4 {[%clk 00:32:14]} {[%emt
00:02:36]} 28. Rd5 {[%clk 00:26:37]} {[%emt 00:04:31]} Bxf3+ {[%emt 00:00:30]}
29. gxf3 {[%clk 00:26:20]} {[%emt 00:00:26]} Re8+ {[%clk 00:32:06]} {[%emt
00:00:14]} 30. Kf1 {[%clk 00:25:05]} {[%emt 00:01:16]} Bb4 {[%clk 00:29:45]}
{[%emt 00:02:51]} 31. Qb3 {[%clk 00:23:43]} {[%emt 00:01:36]} Kh8 {[%clk
00:28:57]} {[%emt 00:01:03]} 32. Nxd6 {[%clk 00:21:45]} {[%emt 00:02:12]} Bxd6
{[%clk 00:28:55]} {[%emt 00:00:17]} 33. Rxd6 {[%clk 00:21:46]} {[%emt
00:00:15]} Qe7 {[%clk 00:28:01]} {[%emt 00:01:09]} 34. Qd3 {[%clk 00:21:40]}
{[%emt 00:00:21]} Qe1+ {[%clk 00:27:31]} {[%emt 00:00:44]} 35. Kg2 {[%clk
00:21:06]} {[%emt 00:00:49]} Qh4 {[%clk 00:27:12]} {[%emt 00:00:34]} 36. Qe3
{[%clk 00:20:49]} {[%emt 00:00:33]} Qh5 {[%clk 00:24:42]} {[%emt 00:02:45]} 37.
g6 {[%clk 00:19:51]} {[%emt 00:01:12]} Rf8 {[%clk 00:24:10]} {[%emt 00:00:48]}
38. Qe7 {[%clk 00:19:13]} {[%emt 00:00:51]} Qxf3+ {[%clk 00:24:12]} {[%emt
00:00:14]} 39. Kg1 {[%clk 00:16:50]} {[%emt 00:02:36]} Qf1# {[%clk 00:24:16]}
{[%emt 00:00:12]} 0-1

[Event "DEM U8 2024"]
[Site "Willingen GER"]
[Date "2024.05.24"]
[Round "6"]
[White "Nune, Likhith Siddharth"]
[Black "Gavrylchenko, Illia"]
[Result "0-1"]
[Termination "normal"]
[Board "8"]
[WhiteElo "1517"]
[BlackElo "1418"]
[WhiteClock "00:22:37"]
[BlackClock "00:11:37"]
[PlyCount "168"]
[WhiteFideId "34670823"]
[BlackFideId "34682007"]
[EventCountry "GER"]
[EventRounds "7"]
[EventType "swiss"]
[EventDate "2024.05.21"]

1. e4 {[%clk 01:00:28]} {[%emt 00:00:01]} e5 {[%clk 01:00:20]} {[%emt
00:00:11]} 2. Nf3 {[%clk 01:00:37]} {[%emt 00:00:07]} Nc6 {[%clk 01:00:27]}
{[%emt 00:00:07]} 3. d4 {[%clk 01:00:45]} {[%emt 00:00:07]} exd4 {[%clk
01:00:27]} {[%emt 00:00:15]} 4. c3 {[%clk 01:00:52]} {[%emt 00:00:08]} d5
{[%clk 01:00:29]} {[%emt 00:00:13]} 5. exd5 {[%clk 01:00:58]} {[%emt 00:00:09]}
Qxd5 {[%clk 01:00:32]} {[%emt 00:00:11]} 6. cxd4 {[%clk 01:01:07]} {[%emt
00:00:07]} Bg4 {[%clk 01:00:31]} {[%emt 00:00:16]} 7. Nc3 {[%clk 01:00:10]}
{[%emt 00:01:11]} Bb4 {[%clk 01:00:20]} {[%emt 00:00:25]} 8. Be2 {[%clk
01:00:07]} {[%emt 00:00:19]} Bxf3 {[%clk 00:59:33]} {[%emt 00:01:02]} 9. Bxf3
{[%clk 01:00:06]} {[%emt 00:00:16]} Qc4 {[%clk 00:59:16]} {[%emt 00:00:32]} 10.
Be2 {[%clk 00:58:36]} {[%emt 00:01:46]} Bxc3+ {[%clk 00:59:04]} {[%emt
00:00:28]} 11. bxc3 {[%clk 00:58:30]} {[%emt 00:00:21]} Qxc3+ {[%clk 00:58:58]}
{[%emt 00:00:21]} 12. Bd2 {[%clk 00:58:34]} {[%emt 00:00:11]} Qxd4 {[%clk
00:58:28]} {[%emt 00:00:42]} 13. O-O {[%clk 00:58:29]} {[%emt 00:00:22]} O-O-O
{[%clk 00:57:14]} {[%emt 00:01:28]} 14. Be3 {[%clk 00:56:58]} {[%emt 00:01:47]}
Qxd1 {[%clk 00:56:45]} {[%emt 00:00:46]} 15. Raxd1 {[%clk 00:56:53]} {[%emt
00:00:20]} Rxd1 {[%clk 00:56:10]} {[%emt 00:00:50]} 16. Rxd1 {[%clk 00:56:57]}
{[%emt 00:00:10]} Nf6 {[%clk 00:55:49]} {[%emt 00:00:34]} 17. Bc4 {[%clk
00:55:46]} {[%emt 00:01:29]} Rd8 {[%clk 00:53:58]} {[%emt 00:02:04]} 18. Re1
{[%clk 00:53:34]} {[%emt 00:02:29]} Nd5 {[%clk 00:53:07]} {[%emt 00:01:05]} 19.
Bc5 {[%clk 00:48:00]} {[%emt 00:05:49]} f6 {[%clk 00:48:48]} {[%emt 00:04:33]}
20. Rd1 {[%clk 00:46:47]} {[%emt 00:01:28]} Nc3 {[%clk 00:46:31]} {[%emt
00:02:30]} 21. Be6+ {[%clk 00:42:33]} {[%emt 00:04:32]} Kb8 {[%clk 00:45:13]}
{[%emt 00:01:33]} 22. Rxd8+ {[%clk 00:41:42]} {[%emt 00:01:07]} Nxd8 {[%clk
00:45:17]} {[%emt 00:00:11]} 23. Bb3 {[%clk 00:41:31]} {[%emt 00:00:26]} b6
{[%clk 00:44:29]} {[%emt 00:01:01]} 24. Bf8 {[%clk 00:41:09]} {[%emt 00:00:38]}
c5 {[%clk 00:37:35]} {[%emt 00:07:09]} 25. Bxg7 {[%clk 00:40:49]} {[%emt
00:00:34]} Ne2+ {[%clk 00:37:04]} {[%emt 00:00:46]} 26. Kf1 {[%clk 00:40:46]}
{[%emt 00:00:19]} Nd4 {[%clk 00:36:50]} {[%emt 00:00:29]} 27. Bd1 {[%clk
00:39:16]} {[%emt 00:01:45]} f5 {[%clk 00:36:00]} {[%emt 00:01:05]} 28. Be5+
{[%clk 00:38:51]} {[%emt 00:00:41]} Kb7 {[%clk 00:35:49]} {[%emt 00:00:24]} 29.
f3 {[%clk 00:37:54]} {[%emt 00:01:13]} N8c6 {[%clk 00:35:22]} {[%emt 00:00:41]}
30. Bg3 {[%clk 00:36:42]} {[%emt 00:01:27]} Nb4 {[%clk 00:35:08]} {[%emt
00:00:30]} 31. a4 {[%clk 00:35:32]} {[%emt 00:01:26]} c4 {[%clk 00:34:27]}
{[%emt 00:00:54]} 32. Be1 {[%clk 00:35:01]} {[%emt 00:00:48]} a5 {[%clk
00:33:54]} {[%emt 00:00:47]} 33. h4 {[%clk 00:33:11]} {[%emt 00:02:06]} Na2
{[%clk 00:32:15]} {[%emt 00:01:52]} 34. g4 {[%clk 00:30:58]} {[%emt 00:02:30]}
c3 {[%clk 00:31:17]} {[%emt 00:01:13]} 35. gxf5 {[%clk 00:30:24]} {[%emt
00:00:48]} c2 {[%clk 00:31:15]} {[%emt 00:00:18]} 36. Bxc2 {[%clk 00:30:26]}
{[%emt 00:00:12]} Nxc2 {[%clk 00:31:03]} {[%emt 00:00:27]} 37. f6 {[%clk
00:30:38]} {[%emt 00:00:03]} Nd4 {[%clk 00:30:56]} {[%emt 00:00:22]} 38. f7
{[%clk 00:29:06]} {[%emt 00:01:47]} Ne6 {[%clk 00:30:58]} {[%emt 00:00:12]} 39.
f4 {[%clk 00:29:14]} {[%emt 00:00:08]} Kc7 {[%clk 00:30:00]} {[%emt 00:01:12]}
40. f5 {[%clk 00:28:05]} {[%emt 00:01:25]} Nf8 {[%clk 00:29:57]} {[%emt
00:00:18]} 41. h5 {[%clk 00:27:52]} {[%emt 00:00:27]} Kd7 {[%clk 00:30:00]}
{[%emt 00:00:13]} 42. Bh4 {[%clk 00:27:58]} {[%emt 00:00:09]} Nc3 {[%clk
00:29:06]} {[%emt 00:01:08]} 43. Kf2 {[%clk 00:28:03]} {[%emt 00:00:11]} Nxa4
{[%clk 00:27:40]} {[%emt 00:01:41]} 44. Ke3 {[%clk 00:28:07]} {[%emt 00:00:11]}
Nc5 {[%clk 00:27:32]} {[%emt 00:00:24]} 45. Kd4 {[%clk 00:28:12]} {[%emt
00:00:11]} Nb7 {[%clk 00:25:41]} {[%emt 00:02:05]} 46. Kc4 {[%clk 00:28:03]}
{[%emt 00:00:24]} Nd6+ {[%clk 00:25:23]} {[%emt 00:00:33]} 47. Kb3 {[%clk
00:26:48]} {[%emt 00:01:31]} Nxf7 {[%clk 00:25:06]} {[%emt 00:00:30]} 48. Ka4
{[%clk 00:26:40]} {[%emt 00:00:25]} Nd6 {[%clk 00:24:56]} {[%emt 00:00:24]} 49.
f6 {[%clk 00:26:26]} {[%emt 00:00:28]} Ke8 {[%clk 00:20:43]} {[%emt 00:04:27]}
50. Bg3 {[%clk 00:26:14]} {[%emt 00:00:29]} Ne4 {[%clk 00:20:26]} {[%emt
00:00:30]} 51. Bc7 {[%clk 00:24:35]} {[%emt 00:01:55]} Nxf6 {[%clk 00:20:27]}
{[%emt 00:00:14]} 52. Bxb6 {[%clk 00:24:34]} {[%emt 00:00:17]} Nxh5 {[%clk
00:20:32]} {[%emt 00:00:09]} 53. Bxa5 {[%clk 00:24:39]} {[%emt 00:00:12]} Nf4
{[%clk 00:20:31]} {[%emt 00:00:14]} 54. Bd2 {[%clk 00:24:32]} {[%emt 00:00:23]}
N8g6 {[%clk 00:20:28]} {[%emt 00:00:17]} 55. Be1 {[%clk 00:24:26]} {[%emt
00:00:21]} h5 {[%clk 00:20:33]} {[%emt 00:00:10]} 56. Kb3 {[%clk 00:24:33]}
{[%emt 00:00:09]} Kf7 {[%emt 00:00:37]} 57. Kc2 {[%emt 00:00:04]} Kf6 {[%clk
00:19:53]} {[%emt 00:00:13]} 58. Kd2 {[%clk 00:24:40]} {[%emt 00:00:09]} Kg5
{[%clk 00:19:47]} {[%emt 00:00:21]} 59. Ke3 {[%clk 00:24:37]} {[%emt 00:00:18]}
Ng2+ {[%clk 00:19:45]} {[%emt 00:00:17]} 60. Kf2 {[%clk 00:24:33]} {[%emt
00:00:19]} Nxe1 {[%clk 00:19:50]} {[%emt 00:00:10]} 61. Kxe1 {[%clk 00:24:36]}
{[%emt 00:00:13]} Nf4 {[%clk 00:19:10]} {[%emt 00:00:55]} 62. Kf2 {[%clk
00:24:43]} {[%emt 00:00:08]} Kg4 {[%clk 00:18:44]} {[%emt 00:00:41]} 63. Kg1
{[%clk 00:24:43]} {[%emt 00:00:14]} Ne2+ {[%clk 00:17:48]} {[%emt 00:01:11]}
64. Kg2 {[%clk 00:24:39]} {[%emt 00:00:20]} Ng3 {[%clk 00:17:50]} {[%emt
00:00:12]} 65. Kh2 {[%clk 00:24:42]} {[%emt 00:00:13]} h4 {[%clk 00:17:45]}
{[%emt 00:00:19]} 66. Kg2 {[%clk 00:24:25]} {[%emt 00:00:32]} h3+ {[%clk
00:16:37]} {[%emt 00:01:24]} 67. Kh2 {[%clk 00:24:29]} {[%emt 00:00:11]} Nf1+
{[%clk 00:16:23]} {[%emt 00:00:29]} 68. Kg1 {[%clk 00:24:17]} {[%emt 00:00:27]}
Kf3 {[%clk 00:14:50]} {[%emt 00:01:47]} 69. Kh1 {[%clk 00:24:18]} {[%emt
00:00:15]} Ng3+ {[%clk 00:14:13]} {[%emt 00:00:51]} 70. Kh2 {[%clk 00:24:02]}
{[%emt 00:00:31]} Kg4 {[%clk 00:13:56]} {[%emt 00:00:32]} 71. Kg1 {[%clk
00:23:51]} {[%emt 00:00:26]} Ne2+ {[%clk 00:13:39]} {[%emt 00:00:31]} 72. Kh2
{[%clk 00:23:54]} {[%emt 00:00:13]} Kh4 {[%clk 00:12:48]} {[%emt 00:01:06]} 73.
Kh1 {[%clk 00:23:45]} {[%emt 00:00:24]} Kg4 {[%clk 00:12:02]} {[%emt 00:01:01]}
74. Kh2 {[%clk 00:23:45]} {[%emt 00:00:14]} Nf4 {[%clk 00:11:33]} {[%emt
00:00:45]} 75. Kh1 {[%clk 00:23:40]} {[%emt 00:00:18]} Nd3 {[%clk 00:11:30]}
{[%emt 00:00:18]} 76. Kg1 {[%clk 00:22:55]} {[%emt 00:01:01]} Kg3 {[%clk
00:11:28]} {[%emt 00:00:15]} 77. Kh1 {[%clk 00:22:44]} {[%emt 00:00:29]} Nf2+
{[%clk 00:11:30]} {[%emt 00:00:12]} 78. Kg1 {[%clk 00:22:49]} {[%emt 00:00:10]}
h2+ {[%clk 00:11:32]} {[%emt 00:00:12]} 79. Kf1 {[%clk 00:22:45]} {[%emt
00:00:20]} h1=Q+ {[%clk 00:11:36]} {[%emt 00:00:12]} 80. Ke2 {[%clk 00:22:49]}
{[%emt 00:00:12]} Qe4+ {[%clk 00:11:31]} {[%emt 00:00:19]} 81. Kd2 {[%clk
00:22:53]} {[%emt 00:00:12]} Qd3+ {[%clk 00:11:36]} {[%emt 00:00:09]} 82. Kc1
{[%clk 00:22:51]} {[%emt 00:00:18]} Qc3+ {[%clk 00:11:24]} {[%emt 00:00:27]}
83. Kb1 {[%clk 00:22:59]} {[%emt 00:00:07]} Nd1 {[%clk 00:11:25]} {[%emt
00:00:12]} 84. Ka2 {[%clk 00:22:37]} {[%emt 00:00:40]} Qb2# {[%clk 00:11:37]}
{[%emt 00:00:03]} 0-1

[Event "DEM U8 2024"]
[Site "Willingen GER"]
[Date "2024.05.24"]
[Round "6"]
[White "Wachtel, Edwin"]
[Black "Simon, Benjamin"]
[Result "1-0"]
[Termination "normal"]
[Board "9"]
[WhiteElo "1217"]
[BlackElo "1305"]
[WhiteClock "00:56:12"]
[BlackClock "00:49:10"]
[PlyCount "31"]
[WhiteFideId "533014183"]
[BlackFideId "34652329"]
[EventCountry "GER"]
[EventRounds "7"]
[EventType "swiss"]
[EventDate "2024.05.21"]

1. e4 {[%clk 01:00:26]} {[%emt 00:00:03]} e5 {[%clk 01:00:20]} {[%emt
00:00:09]} 2. Nf3 {[%clk 01:00:38]} {[%emt 00:00:05]} Nf6 {[%clk 01:00:15]}
{[%emt 00:00:18]} 3. Nc3 {[%clk 01:00:43]} {[%emt 00:00:13]} Bb4 {[%clk
01:00:17]} {[%emt 00:00:11]} 4. Bc4 {[%clk 01:00:43]} {[%emt 00:00:17]} Nxe4
{[%clk 01:00:08]} {[%emt 00:00:24]} 5. Nxe4 {[%clk 00:59:15]} {[%emt 00:01:42]}
d5 {[%clk 01:00:08]} {[%emt 00:00:15]} 6. Bxd5 {[%clk 00:59:22]} {[%emt
00:00:08]} Qxd5 {[%clk 01:00:12]} {[%emt 00:00:12]} 7. Nc3 {[%clk 00:59:20]}
{[%emt 00:00:17]} Qd6 {[%clk 00:58:47]} {[%emt 00:01:40]} 8. O-O {[%clk
00:59:18]} {[%emt 00:00:16]} O-O {[%clk 00:58:48]} {[%emt 00:00:13]} 9. a3
{[%clk 00:57:57]} {[%emt 00:01:37]} Ba5 {[%clk 00:58:44]} {[%emt 00:00:20]} 10.
b4 {[%clk 00:58:01]} {[%emt 00:00:11]} Bb6 {[%clk 00:58:42]} {[%emt 00:00:16]}
11. a4 {[%clk 00:57:33]} {[%emt 00:00:43]} Nc6 {[%clk 00:57:43]} {[%emt
00:01:13]} 12. b5 {[%clk 00:57:22]} {[%emt 00:00:25]} Nd4 {[%clk 00:53:35]}
{[%emt 00:04:23]} 13. Ba3 {[%clk 00:56:54]} {[%emt 00:00:44]} Qg6 {[%clk
00:50:12]} {[%emt 00:03:38]} 14. Nxd4 {[%clk 00:56:19]} {[%emt 00:00:50]} Bg4
{[%clk 00:49:27]} {[%emt 00:01:00]} 15. Nde2 {[%clk 00:56:10]} {[%emt
00:00:24]} Bh3 {[%clk 00:49:10]} {[%emt 00:00:32]} 16. Ng3 {[%clk 00:56:12]}
{[%emt 00:00:13]} 1-0